| 000 | 01227nam a22002417a 4500 | ||
|---|---|---|---|
| 999 |
_c63336 _d63336 |
||
| 005 | 20190221121031.0 | ||
| 010 | _aHIN-95552 राष्ट्रपति-2 B-694098 | ||
| 020 |
_c125.00 _a8170165393 |
||
| 020 | _c195.00 (राष्ट्रपति-2) | ||
| 035 | _aHN-67898 | ||
| 035 | _aB-694098 | ||
| 037 | _bDBAD / PUB | ||
| 037 | _bकिताबघर (राष्ट्रपति-2 | ||
| 082 | _a954.083 | ||
| 100 | _aआर्य,जगतरम | ||
| 245 |
_aहमारे स्वतंत्रता सेनानी / _bजगतरम आर्य |
||
| 260 |
_aनई दिल्ली _bकिताब घर _c2012 _c2017(राष्ट्रपति-2) |
||
| 270 |
_bनई दिल्ली _a24/4855, अंसारी रोड़ दरियागंज _e110002 |
||
| 300 | 1 |
_a100पृ. _c22सेमी (सजिल्द) |
|
| 500 | _aराष्ट्रपति-2 | ||
| 942 |
_2ddc _cHN _mआर्यज _h954.083 |
||